| 000 | 00431nam a22001697a 4500 | ||
|---|---|---|---|
| 999 |
_c534098 _d534098 |
||
| 003 | NUST | ||
| 005 | 20200130161633.0 | ||
| 008 | 200130b ||||| |||| 00| 0 eng d | ||
| 038 | _aMSOHAIL | ||
| 082 | _a891.4391 AMJ | ||
| 100 |
_aAMJAD ISLAM AMJAD _99447 |
||
| 245 | _aITNAY KHAWAB KAHAN RAKHOON GAA | ||
| 260 |
_aLAHORE _bJHANGEER BOOK DEPOT _c1998 |
||
| 300 | _a132P | ||
| 650 |
_aURDU ADAB-POETRY _928226 |
||
| 942 |
_cBK _2ddc |
||